[Event "Zonal 1.2a (w)"]
[Site "Graz AUT"]
[Date "1993.03.??"]
[Round "8"]
[White "Jurgens, Vera"]
[Black "Grosar, Kiti"]
[Result "1-0"]
[WhiteElo "2340"]
[BlackElo "2120"]
[EventDate "1993.03.11"]
[PlyCount "59"]

1.d4 Nf6 2.Nc3 d5 3.Bg5 e6 4.e4 dxe4 5.Nxe4 Be7 6.Bxf6 Bxf6 7.Nf3 Nc6 8.c3
O-O 9.Bd3 g6 10.Qb3 Bg7 11.O-O-O b6 12.Kb1 a5 13.a4 Rb8 14.h4 h5 15.Nfg5 
Ne7 16.g4 hxg4 17.h5 Qd5 18.Qa3 Qd7 19.hxg6 Nxg6 20.Nh7 f5 21.Nxf8 Nxf8 
22.Ng3 Bb7 23.Rhg1 Bf6 24.Qb3 Kh8 25.Rde1 c5 26.Bc4 cxd4 27.Bxe6 Nxe6 28.
Qxe6 Qd8 29.Nxf5 dxc3 30.Rh1+ 1-0

[Event "Zonal 1.2a (w)"]
[Site "Graz AUT"]
[Date "1993.03.??"]
[Round "8"]
[White "Koglin, Anke"]
[Black "Trabert, Bettina"]
[Result "1/2-1/2"]
[WhiteElo "2130"]
[BlackElo "2180"]
[EventDate "1993.03.11"]
[PlyCount "37"]

1.Nc3 e5 2.Nf3 Nc6 3.d4 exd4 4.Nxd4 Nf6 5.Bg5 Bb4 6.a3 Bxc3+ 7.bxc3 h6 8.
Bh4 d6 9.e3 Ne5 10.Be2 Ng6 11.Bg3 Ne4 12.Qd3 Nxg3 13.hxg3 a6 14.Rb1 Ne5 
15.Qd2 Qe7 16.e4 O-O 17.O-O Qf6 18.f4 Nd7 19.Bf3 1/2-1/2

[Event "Zonal 1.2a (w)"]
[Site "Graz AUT"]
[Date "1993.03.??"]
[Round "9"]
[White "Borek, Jutta"]
[Black "Heinatz, Gundula"]
[Result "0-1"]
[WhiteElo "2100"]
[BlackElo "2225"]
[EventDate "1993.03.11"]
[PlyCount "76"]

1.c4 b6 2.Nc3 c5 3.Nf3 Bb7 4.e3 Nf6 5.Be2 g6 6.O-O Bg7 7.d4 cxd4 8.exd4 
O-O 9.d5 d6 10.Nd4 Nbd7 11.f4 Rc8 12.Be3 a6 13.g4 Nc5 14.f5 e5 15.dxe6 
fxe6 16.fxe6 Qe8 17.g5 Nfd7 18.Rxf8+ Nxf8 19.Nd5 Nfxe6 20.Bf3 Nc7 21.Bf4 
Nxd5 22.cxd5 Be5 23.Qd2 Qf8 24.Ne2 Bxf4 25.Nxf4 Qf5 26.Rf1 Qxg5+ 27.Bg2 
Rf8 28.Qc1 Bc8 29.b4 Ne4 30.Qe1 Rxf4 31.Rxf4 Qxf4 32.Qxe4 Qxe4 33.Bxe4 Bf5
34.Bf3 Kf7 35.Kf2 Kf6 36.Ke3 Ke5 37.h4 Bb1 38.a4 a5 0-1

[Event "Zonal 1.2a (w)"]
[Site "Graz AUT"]
[Date "1993.03.??"]
[Round "9"]
[White "Grosar, Kiti"]
[Black "Horvath, Maria"]
[Result "1-0"]
[WhiteElo "2120"]
[BlackElo "2075"]
[EventDate "1993.03.11"]
[PlyCount "67"]

1.e4 e6 2.d4 d5 3.e5 c5 4.c3 Nc6 5.Nf3 Qb6 6.a3 c4 7.Nbd2 f6 8.Be2 fxe5 9.
Nxe5 Nxe5 10.dxe5 Bc5 11.O-O Ne7 12.b4 cxb3 13.Nxb3 O-O 14.Nxc5 Qxc5 15.
Qd3 Nf5 16.a4 Qc7 17.Ba3 Rd8 18.g4 Nh4 19.Bd6 Rxd6 20.exd6 Qxd6 21.Qg3 Qe7
22.c4 d4 23.f4 Bd7 24.Qf2 Rd8 25.Rfd1 e5 26.fxe5 Bc6 27.Rxd4 Rf8 28.Rf4 
Rxf4 29.Qxf4 Qc5+ 30.Qf2 Qxe5 31.Rf1 Qe7 32.c5 Bd5 33.Qd4 Qe6 34.Bc4 1-0

[Event "Zonal 1.2a (w)"]
[Site "Graz AUT"]
[Date "1993.03.??"]
[Round "9"]
[White "Kosc, Renata"]
[Black "Jahn, Constanze"]
[Result "1/2-1/2"]
[WhiteElo "2065"]
[BlackElo "2180"]
[EventDate "1993.03.11"]
[PlyCount "64"]

1.e4 c5 2.Nf3 e6 3.d4 cxd4 4.Nxd4 Qb6 5.Nb3 Nc6 6.Be3 Qc7 7.a3 Nf6 8.Nc3 
a6 9.f4 d6 10.Be2 Be7 11.O-O O-O 12.Qe1 b5 13.Bf3 Bb7 14.Qf2 Rac8 15.Nd4 
Nxd4 16.Bxd4 e5 17.Be3 exf4 18.Bxf4 Qc4 19.Be2 Qe6 20.Bd3 Nxe4 21.Nxe4 
Bxe4 22.Bxe4 Qxe4 23.Rae1 Qb7 24.c3 d5 25.Qg3 Rfe8 26.Be5 Bf8 27.Bd4 a5 
28.Re5 Rxe5 29.Qxe5 Qd7 30.Rf5 b4 31.axb4 axb4 32.Qxd5 Qxd5 1/2-1/2

[Event "Zonal 1.2a (w)"]
[Site "Graz AUT"]
[Date "1993.03.??"]
[Round "10"]
[White "Heinatz, Gundula"]
[Black "Grosar, Kiti"]
[Result "1-0"]
[WhiteElo "2225"]
[BlackElo "2120"]
[EventDate "1993.03.11"]
[PlyCount "81"]

1.d4 Nf6 2.c4 g6 3.Nc3 Bg7 4.e4 d6 5.h3 O-O 6.Bg5 c5 7.d5 e6 8.Bd3 exd5 9.
exd5 Re8+ 10.Nge2 h6 11.Be3 Nbd7 12.Ng3 Ne5 13.Be2 Nh7 14.Qd2 f5 15.O-O-O 
Nf7 16.h4 Qa5 17.Bd3 Ne5 18.Qc2 Nxd3+ 19.Rxd3 Nf6 20.Bd2 Qa6 21.Nb5 Qb6 
22.f3 a6 23.Nc3 Bd7 24.Nce2 Qc7 25.Nf4 Kf7 26.Bc3 b5 27.h5 g5 28.Ne6 Bxe6 
29.dxe6+ Rxe6 30.Nxf5 Bf8 31.Rdd1 Ne8 32.Rhe1 Rxe1 33.Rxe1 Kg8 34.Nxh6+ 
Bxh6 35.Qg6+ Ng7 36.Qxh6 b4 37.Bxg7 Qxg7 38.Qxd6 Qf7 39.Re4 Re8 40.Qd5 
Qxd5 41.Rxe8+ 1-0

[Event "Zonal 1.2a (w)"]
[Site "Graz AUT"]
[Date "1993.03.??"]
[Round "10"]
[White "Horvath, Maria"]
[Black "Baumann, Claude"]
[Result "0-1"]
[WhiteElo "2075"]
[BlackElo "2070"]
[EventDate "1993.03.11"]
[PlyCount "80"]

1.d4 Nf6 2.c4 e6 3.Nc3 d5 4.cxd5 exd5 5.Bg5 c6 6.Qc2 Be7 7.e3 Nbd7 8.Bd3 
h6 9.Bh4 O-O 10.Nf3 Re8 11.O-O Bd6 12.Rab1 Nf8 13.Rfe1 Bg4 14.Nd2 Bh5 15.
Nf1 Bg6 16.b4 Bxd3 17.Qxd3 Ng6 18.Bg3 Bf8 19.b5 c5 20.dxc5 Bxc5 21.Red1 
Ne5 22.Qf5 g6 23.Qh3 Kg7 24.Nxd5 Nxd5 25.e4 Qf6 26.Rxd5 b6 27.Rbd1 h5 28.
Re1 Ng4 29.Qh4 Qb2 30.h3 Be7 31.Rg5 Bxg5 32.Qxg5 Ne5 33.Ne3 Kh7 34.Bf4 Nd3
35.Nd5 Qxf2+ 36.Kh2 Nxf4 37.Nf6+ Kg7 38.Rd1 Re6 39.Nd7 h4 40.e5 Qg3+ 0-1

[Event "Zonal 1.2a (w)"]
[Site "Graz AUT"]
[Date "1993.03.??"]
[Round "10"]
[White "Jahn, Constanze"]
[Black "Borek, Jutta"]
[Result "0-1"]
[WhiteElo "2180"]
[BlackElo "2100"]
[EventDate "1993.03.11"]
[PlyCount "108"]

1.e4 c5 2.c3 d5 3.exd5 Nf6 4.Bb5+ Nbd7 5.c4 a6 6.Ba4 b5 7.cxb5 Nxd5 8.Nf3 
Qa5 9.Nc3 Nxc3 10.dxc3 axb5 11.Bc2 e6 12.O-O Be7 13.Qd3 Bb7 14.Ng5 Nf6 15.
Qh3 Bd5 16.Bf4 Qb6 17.Be5 Qc6 18.f3 h5 19.b3 c4 20.b4 Ra3 21.Ne4 Nxe4 22.
fxe4 Bxe4 23.Bxe4 Qxe4 24.Bxg7 Rg8 25.Rfe1 Qg6 26.Qf3 f5 27.Be5 Kf7 28.Qf2
Qg4 29.Rad1 Bh4 30.g3 Be7 31.Rd4 Qg6 32.Rd7 Rd8 33.Red1 Raa8 34.Qc5 Qg5 
35.Bf4 Qf6 36.h4 Rxd7 37.Rxd7 Rd8 38.Be5 Rxd7 39.Qxb5 Rd1+ 40.Kf2 Qg6 41.
Qxc4 Qg4 42.Qxg4 fxg4 43.a4 Rd5 44.Bc7 Bf6 45.c4 Rd4 46.b5 Rxc4 47.b6 Bd4+
48.Ke2 Rxa4 49.b7 Ba7 50.b8=Q Bxb8 51.Bxb8 Kg6 52.Ke3 Kf5 53.Bd6 e5 54.Be7
Ra2 0-1

[Event "Zonal 1.2a (w)"]
[Site "Graz AUT"]
[Date "1993.03.??"]
[Round "10"]
[White "Koglin, Anke"]
[Black "Kosc, Renata"]
[Result "1/2-1/2"]
[WhiteElo "2130"]
[BlackElo "2065"]
[EventDate "1993.03.11"]
[PlyCount "57"]

1.e4 c5 2.Nf3 Nc6 3.d4 cxd4 4.Nxd4 g6 5.c4 Bg7 6.Be3 Nf6 7.Nc3 Ng4 8.Qxg4 
Nxd4 9.Qd1 Ne6 10.Rc1 b6 11.Qd2 Bb7 12.Bd3 O-O 13.O-O Nc5 14.Bb1 f5 15.
exf5 gxf5 16.f3 Ne6 17.Nd5 Rf7 18.b3 Qf8 19.Kh1 f4 20.Bg1 Be5 21.Rfe1 Qg7 
22.Qe2 d6 23.Red1 Kh8 24.Nc3 Nd4 25.Bxd4 Bxd4 26.Be4 Bxc3 27.Bxb7 Rb8 28.
Bd5 Rff8 29.Qd3 1/2-1/2

[Event "Zonal 1.2a (w)"]
[Site "Graz AUT"]
[Date "1993.03.??"]
[Round "11"]
[White "Baumann, Claude"]
[Black "Heinatz, Gundula"]
[Result "1/2-1/2"]
[WhiteElo "2070"]
[BlackElo "2225"]
[EventDate "1993.03.11"]
[PlyCount "30"]

1.d4 Nf6 2.c4 e6 3.Nc3 b6 4.e4 d5 5.Bg5 dxe4 6.Nxe4 Bb4+ 7.Nc3 Bxc3+ 8.
bxc3 Bb7 9.Nf3 Nbd7 10.Bd3 h6 11.Bh4 O-O 12.O-O c5 13.Qe2 Qc7 14.Bg3 Qc6 
15.Rfd1 Rad8 1/2-1/2

[Event "Zonal 1.2a (w)"]
[Site "Graz AUT"]
[Date "1993.03.??"]
[Round "11"]
[White "Borek, Jutta"]
[Black "Koglin, Anke"]
[Result "1/2-1/2"]
[WhiteElo "2100"]
[BlackElo "2130"]
[EventDate "1993.03.11"]
[PlyCount "24"]

1.c4 Nf6 2.g3 g6 3.Bg2 Bg7 4.Nc3 O-O 5.f4 c5 6.Nf3 Nc6 7.O-O d6 8.e3 a6 9.
d3 Rb8 10.a4 Nb4 11.e4 Bd7 12.h3 Bc6 1/2-1/2

[Event "Zonal 1.2a (w)"]
[Site "Graz AUT"]
[Date "1993.03.??"]
[Round "11"]
[White "Jurgens, Vera"]
[Black "Horvath, Maria"]
[Result "1/2-1/2"]
[WhiteElo "2340"]
[BlackElo "2075"]
[EventDate "1993.03.11"]
[PlyCount "24"]

1.d4 e6 2.c4 f5 3.Nc3 Nf6 4.Bg5 d5 5.e3 c6 6.Qc2 Be7 7.Nf3 O-O 8.Bd3 Ne4 
9.Bxe7 Qxe7 10.Ne5 Nd7 11.f4 Nxe5 12.fxe5 Qh4+ 1/2-1/2

[Event "Zonal 1.2a (w)"]
[Site "Graz AUT"]
[Date "1993.03.??"]
[Round "11"]
[White "Kosc, Renata"]
[Black "Trabert, Bettina"]
[Result "1/2-1/2"]
[WhiteElo "2065"]
[BlackElo "2180"]
[EventDate "1993.03.11"]
[PlyCount "81"]

1.f4 d5 2.Nf3 g6 3.g3 Bg7 4.Bg2 Nf6 5.O-O O-O 6.d3 c6 7.e3 Nbd7 8.Qe2 Qc7 
9.Nc3 e5 10.fxe5 Nxe5 11.Nxe5 Qxe5 12.e4 dxe4 13.Nxe4 Nxe4 14.dxe4 Be6 15.
c3 Rad8 16.Be3 Qa5 17.a3 Qa4 18.Rfe1 b6 19.Rad1 Bc4 20.Qf3 Qc2 21.Rxd8 
Rxd8 22.Qf2 Qxf2+ 23.Kxf2 Be5 24.Bf1 Bb3 25.Bf4 f6 26.Bxe5 fxe5 27.Ke3 Kf7
28.Bd3 Ke7 29.Rc1 Rd6 30.Be2 Rf6 31.Rf1 Rxf1 32.Bxf1 Kd6 33.Bh3 a5 34.Kd3 
Kc5 35.Kd2 h6 36.Bd7 g5 37.h4 Bf7 38.hxg5 hxg5 39.Kd3 Bc4+ 40.Kc2 Be2 41.
b4+ 1/2-1/2